Countries with Youngest Mothers - Statistics

General Stats
  • This quiz has been taken 38 times
  • The average score is 9 of 20
Answer Stats
AGE Country % Correct
26.5 India
74%
26.3 Colombia
71%
26.4 Brazil
69%
26.4 Venezuela
69%
25.7 Dominican Republic
66%
26.4 Nicaragua
63%
26.6 Panama
63%
26.1 Nepal
57%
26.6 Costa Rica
54%
24.7 Bangladesh
49%
26.1 Cuba
46%
26.7 Uzbekistan
43%
24.6 Turkmenistan
40%
26.6 Guyana
37%
26.4 Saint Kitts and Nevis
31%
26.0 Armenia
29%
25.9 Azerbaijan
29%
26.4 Georgia
23%
26.3 Ukraine
23%
26.5 Marshall Islands
3%
No matching quizzes found
Score Distribution
Percent of People with Each Score
Percentile by Number Answered
Your Score History
You have not taken this quiz